Tazkira Yani Wahi-E-Muqaddas (Record no. 1742)

MARC details
000 -LEADER
fixed length control field 00553nam a2200241 a 4500
020 ## - INTERNATIONAL STANDARD BOOK NUMBER
ISBN
082 00 - DEWEY DECIMAL CLASSIFICATION NUMBER
Classification number 297.86
Author Cutter AHM35
100 ## - MAIN ENTRY--AUTHOR NAME
Author name Ahmed, Mirza Ghulam
245 ## - TITLE STATEMENT
Title Tazkira Yani Wahi-E-Muqaddas
260 ## - PUBLICATION, DISTRIBUTION, ETC. (IMPRINT)
Place of publication
Name of publisher
Year of publication 1935
300 ## - PHYSICAL DESCRIPTION
Number of Pages 296p
500 ## - GENERAL NOTE
General note includes index and biblioraphy
505 2# - FORMATTED CONTENTS NOTE
Formatted contents note Index
650 ## - SUBJECT ADDED ENTRY--TOPICAL TERM
Topical Term Ahmadiyyah
942 ## - ADDED ENTRY ELEMENTS (KOHA)
Koha item type Books
700 1# -
-- Ahmed, Mirza Ghulam
Holdings
Collection code Home library Current library Date acquired Cost, normal purchase price Full call number Accession Number Koha item type
  Henry Martyn Institute Library Henry Martyn Institute Library 06/29/2007 100.00 297.86 AHM35 03886 Books
                   Copyright © 2026 | Henry Martyn Institute | Hyderabad | TS-500052 | INDIA | Implemented by hmi.edu.in
Hit-Count:

Powered by Koha